| 000 | 00619nam a2200241 a 4500 | ||
|---|---|---|---|
| 001 | nice12345678 | ||
| 003 | IN_TiNIC | ||
| 005 | 20260116014712.0 | ||
| 008 | 120110s2010 lona grp 000 0 eng | ||
| 020 |
_a9780198070016 _c1195 |
||
| 082 | 0 | 0 |
_a323.39710954 _bMUS8 |
| 100 | _aMushirul, Hasan | ||
| 245 | _aMushirul Hasan Omnibus | ||
| 260 |
_aLondan _bOxford University Press _c2010 |
||
| 300 | _a383p | ||
| 500 | _aincludes index and biblioraphy | ||
| 505 | 2 | _aSeclect Bibliography, Index | |
| 650 | _aMuslims-India | ||
| 700 | 1 | _aMushirul, Hasan | |
| 902 | _bSRS | ||
| 942 | _cBK | ||
| 999 |
_c16537 _d16537 |
||